Theories of the firm

Αποθηκεύτηκε σε:
Λεπτομέρειες βιβλιογραφικής εγγραφής
Κύριος συγγραφέας: Sawyer, Malcolm C.
Μορφή: Βιβλίο
Γλώσσα:English
Δημοσίευση: London : Weidenfeld and Nicolson, 1979
Σειρά:London School of Economics handbooks in economic analysis
Θέματα:
Ετικέτες: Προσθήκη ετικέτας
Δεν υπάρχουν, Καταχωρήστε ετικέτα πρώτοι!

MARC

LEADER 00000nam a2200000 i 4500
001 1/57618
008 950203s1979 eng d
020 |a 0297776045 
035 |l 10028224 
040 |a GR-MY-UA  |b gre  |e aacr 
041 0 |a eng 
082 0 |a 338.701 
100 1 |a Sawyer, Malcolm C. 
245 1 0 |a Theories of the firm /  |c Malcolm C. Sawyer 
260 |a London :   |b Weidenfeld and Nicolson,   |c 1979 
300 |a 170 p. 
490 1 |a London School of Economics handbooks in economic analysis 
650 0 0 |a Business enterprises. 
830 0 |a London School of Economics handbooks in economic analysis 
852 |a INST  |b CHIOS  |e 19950203  |h 338.701 SAW  |p 005200005444  |q 005200005444  |t BK  |y 0 
909 |a Χ  |b 005288